| 000 | 00551nam a22001937a 4500 | ||
|---|---|---|---|
| 005 | 20251108164953.0 | ||
| 008 | 250721s1995 xx 000 0 ara d | ||
| 082 | 1 | 4 | _a214/قرض |
| 100 | 1 | _aالقرضاوي، يوسف | |
| 245 | 1 | 0 | _aفي الطريق إلى الله / |
| 264 | 1 |
_aالقاهره : _bمكتبة وهبه، _c1995. |
|
| 300 | _aج3 | ||
| 650 | 1 | 7 | _aالإسلام |
| 650 | 1 | 7 | _aأصول الدين الإسلامي |
| 650 | 1 | 7 | _aالتوحيد |
| 650 | 1 | 7 | _aالعقيدة الدينية |
| 942 |
_2ddc _cBK |
||
| 999 |
_c18715 _d18715 |
||